| 000 | 01336cam a2200229 4500 | ||
|---|---|---|---|
| 001 | WB3910-07 | ||
| 008 | 030312n2003 000 0 eng u | ||
| 035 | _a(Sirsi) u121609 | ||
| 245 | _aRetail warehousing top again | ||
| 260 | _c2003 | ||
| 490 |
_aProperty Week _v68(9) 7 March 2003, 18(1) |
||
| 520 | _aRetail warehousing again produced the best returns (17.4%) of any property investment sector in 2002, as it has done in six of the previous 10 years (1993-1997) according to the "IPD UK annual index 2002". Retail returns rose to 14.1% from 5.5% in 2001, industrial returns to 10.8% but office total returns more than halved from 7.6% to 3.3%. Overall, property performed well in 2002 and the index confirms that property has been the best-performing UK asset in the past three, five and 10 years. Yields in 2002 improved whilst rents fell, something not previously noted by IPD since their records started in 1981. IPD index is available at http://www.ipdindex.co.uk/downloads/uk_annual_03.pdf | ||
| 590 | _aWB | ||
| 650 | _aRETAIL WAREHOUSING | ||
| 650 | _aRETAIL SECTOR | ||
| 650 | _aINDUSTRIAL SECTOR | ||
| 650 | _aOFFICE SECTOR | ||
| 650 | _aIPD UK ANNUAL INDEX | ||
| 650 | _aINVESTMENT PROPERTY DATABANK INDEX | ||
| 690 | _aPROPERTY-COMMERCIAL PROPERTY-COMMERCIAL PROPERTY FINANCE AND INVESTMENT | ||
| 942 | _n0 | ||
| 999 |
_c72293 _d72293 |
||